Belgo cookbook/ (Record no. 4607)

MARC details
000 -LEADER
fixed length control field 00560nam a22001937a 4500
003 - CONTROL NUMBER IDENTIFIER
control field OSt
005 - DATE AND TIME OF LATEST TRANSACTION
control field 20251001053410.0
008 - FIXED-LENGTH DATA ELEMENTS--GENERAL INFORMATION
fixed length control field 251001b |||||||| |||| 00| 0 eng d
020 ## - INTERNATIONAL STANDARD BOOK NUMBER
International Standard Book Number 060980639
040 ## - CATALOGING SOURCE
Original cataloging agency DWCL-Main lib
Transcribing agency OC
082 ## - DEWEY DECIMAL CLASSIFICATION NUMBER
Classification number Circ. 641.594 B634b 1997
100 ## - MAIN ENTRY--PERSONAL NAME
Personal name Blais, Denis
245 ## - TITLE STATEMENT
Title Belgo cookbook/
Statement of responsibility, etc. Denis Blais
260 ## - PUBLICATION, DISTRIBUTION, ETC.
Place of publication, distribution, etc. New York:
Name of publisher, distributor, etc. Clarkson Potter Publisher,
Date of publication, distribution, etc. c1997.
300 ## - PHYSICAL DESCRIPTION
Extent 160 pages:
Other physical details color illustrations;
Dimensions 25 cm.
504 ## - BIBLIOGRAPHY, ETC. NOTE
Bibliography, etc. note Includes index
650 ## - SUBJECT ADDED ENTRY--TOPICAL TERM
Topical term or geographic name entry element 1. Belgo cookbook
942 ## - ADDED ENTRY ELEMENTS (KOHA)
Source of classification or shelving scheme Dewey Decimal Classification
Koha item type Book Circulation
Call number prefix Circ.
Suppress in OPAC No
952 ## - LOCATION AND ITEM INFORMATION (KOHA)
--
Holdings
Withdrawn status Lost status Source of classification or shelving scheme Damaged status Not for loan Home library Current library Shelving location Date acquired Source of acquisition Total Checkouts Full call number Barcode Date last seen Copy number Price effective from Koha item type Uniform Resource Identifier
    Dewey Decimal Classification     HM & Nursing Library HM & Nursing Library Circulation 03/31/2022 Donation   Circ. 641.594 B634b 1997 53263 10/01/2025 c1 10/01/2025 BK-CIRC